000 nam a22 7a 4500
999 _c232693
_d232693
003 Nust
005 20170222152254.0
008 170222b xxu||||| |||| 00| 0 eng d
040 _cDLC
082 _a297.5 HUS
245 _aقرآنی احکام
_cحسین،سید مقبول
260 _aLahore :
_c2002
300 _a312p. :
_c28cm
942 _2ddc
_cBK